Estadísticas para Capitales mundiales por letra - D

Haz click aquí para tomar la prueba!

Estadísticas generales

  • Esta prueba ha sido tomada 1.522 veces
  • La puntuación promedio es 6 de 8

Estadísticas de respuestas

PaísCapital% Correcto
IrlandaDublin
88%
BangladésDaca
79%
SiriaDamasco
75%
CatarDoha
68%
SenegalDakar
65%
Timor OrientalDili
64%
TanzaníaDodoma
58%
TayikistánDusambé
58%

Distribución de puntuación

Porcentaje por número respondido

Porcentaje de gente con cada puntuación

Historial de tus puntuaciones

No has tomado esta prueba